01179nam a2200193Ia 4500001001100000003001000011008004100021040002500062041001300087100003100100245004100131250001100172260009100183300002700274500026800301501011400569520026800683650003400951L240-12877IT-CnALBA170116s9999||||xx |||||||||||||| ||und|| aIT-CnALBAcIT-CnALBA aITALIANO aFRASSINETTI GIUSEPPE, SAC. 0aGESÙ CRISTO REGOLA DEL SACERDOTE.  a1a ed. a PA ROV. BELL.bISTIT. VEN. ARTI GRAF. c1923 [1° Ed.:1923 - Ed.Ling.Originale: 1923] a117 p. (prefazione: 3) aVITA INTERIORE ED ESTERIORE DEL SACERDOTE. UMILTÀ. MANSUETUDINE. FORTEZZA PRUDENZA UBBIDIENZA CASTITÀ. MORTIFICAZIONE. DISTACCO DALLE COSE MONDANE. CARITÀ UNFORMITA' ALLA VOLONTÀ DI DIO. ORAZIONE MESSA. PREDICAZIONE FERVOROSA, SEMPLICE SAPIENTE. RICERCA D aSocietà San Paolo EM - Piazza San Paolo, 14 - 12051 ALBA (CN) (non commercial uses only) ® Copyright 2017 aVITA INTERIORE ED ESTERIORE DEL SACERDOTE. UMILTÀ. MANSUETUDINE. FORTEZZA PRUDENZA UBBIDIENZA CASTITÀ. MORTIFICAZIONE. DISTACCO DALLE COSE MONDANE. CARITÀ UNFORMITA' ALLA VOLONTÀ DI DIO. ORAZIONE MESSA. PREDICAZIONE FERVOROSA, SEMPLICE SAPIENTE. RICERCA D aTEOLOGIA SPIRITUALE CRISTIANA